[Event "AUTO-INT-2733"]
[Site "http://www.queenalice.com/game.php?id=1221832"]
[Date "2013.10.3"]
[Round "1"]
[White "WeffersoN__Suki"]
[Black "straightbat"]
[Result "0-1"]
[WhiteElo "1852"]
[BlackElo "1831"]

1. e4 e6 2. e5 d5 3. d4 c5 4. Nf3 Nc6 5. Bb5 Bd7 6. Bxc6 Bxc6 7. c3 Qb6 8. dxc5
Bxc5 9. O-O Nh6 10. b4 Be7 11. Bxh6 gxh6 12. Nd4 Rg8 13. Qh5 Bd7 14. Qxh6 Bxb4
15. Qxh7 O-O-O 16. Qd3 Bc5 17. Nd2 Qc7 18. f4 a6 19. Kh1 Rg4 20. Rac1 Rdg8 21.
g3 Rh8 22. N2b3 Ba3 23. Rc2 b5 24. Qe2 Rxg3 25. Rf3 Rg6 26. f5 Rg5 27. fxe6 Bxe6
28. Nxe6 fxe6 29. Re3 Qg7 30. Qf1 Rg8 31. Re1 Rxe5 32. Rce2 Rf5 33. Qh3 Rh8 34.
Qg2 Rg5 35. Qf2 Bd6 36. Qf3 Rgh5 37. Qf2 Rxh2+ 38. Qxh2 Rxh2+ 39. Rxh2 Bxh2 40.
Kxh2 e5 41. Nc5 Qh6+ 42. Kg2 Qd2+ 43. Kf1 Qf4+ 44. Kg1 Qg4+ 45. Kf1 Qc4+ 46. Kg2
Qxc5 47. Rxe5 Qxc3 0-1

[Event "AUTO-INT-2733"]
[Site "http://www.queenalice.com/game.php?id=1221845"]
[Date "2013.10.3"]
[Round "1"]
[White "daniel0176"]
[Black "WeffersoN__Suki"]
[Result "1-0"]
[WhiteElo "1635"]
[BlackElo "1850"]

1. e4 e5 2. Nf3 Qf6 3. Bc4 Bc5 4. O-O d6 5. d3 h6 6. Nc3 c6 7. a3 g5 8. Bxf7+
Qxf7 9. b4 Bb6 10. b5 g4 11. Nh4 Qg6 12. Nxg6 Rh7 13. bxc6 Nxc6 14. Nd5 Be6 15.
Nxb6 axb6 16. Be3 b5 17. c4 bxc4 18. dxc4 Rd8 19. Bb6 Rdd7 20. Qa4 Nf6 21. c5
dxc5 22. Bxc5 h5 23. Nf8 Bg8 24. Nxd7 Kxd7 25. Rad1+ Ke6 26. Rd6+ Kf7 27. Qa8
Kg6 28. f4 Re7 29. fxe5 1-0

[Event "AUTO-INT-2733"]
[Site "http://www.queenalice.com/game.php?id=1221846"]
[Date "2013.10.3"]
[Round "1"]
[White "WeffersoN__Suki"]
[Black "daniel0176"]
[Result "1/2-1/2"]
[WhiteElo "1884"]
[BlackElo "1732"]

1. e4 e5 2. Nf3 d6 3. h3 Nf6 4. Nc3 a6 5. Bc4 Qd7 6. d3 h6 7. a3 c6 8. Be3 b5 9.
Bb3 c5 10. Bd5 Bb7 11. Bb3 c4 12. dxc4 Be7 13. Qd3 O-O 14. Nd2 Bc6 15. a4 bxa4
16. Bxa4 Bxa4 17. Nxa4 Qc6 18. f3 Nh5 19. g4 Bh4+ 20. Ke2 Ng3+ 21. Kf2 Nxh1+ 22.
Kg2 Ng3 23. b3 Nd7 24. Rg1 Nf6 25. Kh2 Rad8 26. Rxg3 Bxg3+ 27. Kxg3 Rfe8 28. Nb6
a5 29. Nd5 Re6 30. g5 Nh5+ 31. Kg4 Nf4 32. Bxf4 exf4 33. Kxf4 hxg5+ 34. Kxg5
Rg6+ 35. Kf4 Qd7 36. Qd4 Re8 37. Ke3 Qxh3 38. Nf4 Qh6 39. Qd5 Rf6 40. Qxa5 Qxf4+
41. Kd3 g5 42. Qc7 g4 1/2-1/2

[Event "AUTO-ADV-2982"]
[Site "http://www.queenalice.com/game.php?id=1225855"]
[Date "2013.10.19"]
[Round "1"]
[White "rpalmero"]
[Black "WeffersoN__Suki"]
[Result "1-0"]
[WhiteElo "2001"]
[BlackElo "1871"]

1. c4 d5 2. cxd5 Qxd5 3. Nc3 Qc6 4. Nf3 f6 5. e3 a6 6. a3 Bf5 7. Nd4 Qd7 8. Nxf5
Qxf5 9. d4 e5 10. Bd3 Qe6 11. d5 Qd7 12. e4 c6 13. Be3 cxd5 14. Nxd5 Ne7 15. Nb6
Qe6 16. Nxa8 Nbc6 17. Nc7+ Kd7 18. Nxe6 1-0

[Event "AUTO-ADV-2982"]
[Site "http://www.queenalice.com/game.php?id=1225856"]
[Date "2013.10.19"]
[Round "1"]
[White "WeffersoN__Suki"]
[Black "rpalmero"]
[Result "0-1"]
[WhiteElo "1826"]
[BlackElo "1939"]

1. e4 c5 2. Bc4 e6 3. d3 Qc7 4. Nf3 Nc6 5. a3 Nf6 6. Bg5 a6 7. Bxf6 gxf6 8. Nc3
b5 9. Bb3 Bb7 10. a4 b4 11. Ne2 h5 12. Qd2 Bh6 13. Qd1 Ne5 14. Nxe5 Qxe5 15. Rb1
f5 16. exf5 Bxg2 17. Rg1 Bf3 18. Rg3 Qxf5 19. d4 h4 20. Rg1 Rc8 21. Qd3 Qxd3 22.
cxd3 Bxe2 23. Kxe2 cxd4 24. Rg4 e5 25. Rxh4 Ke7 26. Rh5 Bf4 27. Rxh8 Rxh8 28.
Rc1 Bxc1 0-1

[Event "AUTO-ADV-2982"]
[Site "http://www.queenalice.com/game.php?id=1225867"]
[Date "2013.10.19"]
[Round "1"]
[White "Deca10"]
[Black "WeffersoN__Suki"]
[Result "0-1"]
[WhiteElo "1796"]
[BlackElo "1821"]

1. e4 e5 2. Nf3 d6 3. h3 Nf6 4. d3 h6 5. Be2 Nc6 6. c3 d5 7. exd5 Qxd5 8. c4 Qd6
9. O-O g5 10. Nc3 a6 11. Re1 g4 0-1

[Event "AUTO-ADV-2982"]
[Site "http://www.queenalice.com/game.php?id=1225868"]
[Date "2013.10.19"]
[Round "1"]
[White "WeffersoN__Suki"]
[Black "Deca10"]
[Result "1-0"]
[WhiteElo "1839"]
[BlackElo "1796"]

1. e4 e5 2. Bc4 Nf6 3. d3 Bc5 4. Nf3 Nc6 5. Ng5 d5 6. exd5 Nxd5 7. Qf3 Be6 8. c3
h6 9. Nxe6 fxe6 10. b4 Be7 11. b5 Nb8 12. Qh5+ Kd7 13. Qxe5 1-0

[Event "AUTO-ADV-2982"]
[Site "http://www.queenalice.com/game.php?id=1225873"]
[Date "2013.10.19"]
[Round "1"]
[White "ChessColossos"]
[Black "WeffersoN__Suki"]
[Result "0-1"]
[WhiteElo "2224"]
[BlackElo "1843"]

1. e4 e5 2. f4 exf4 3. Bc4 Bc5 4. d4 Qh4+ 5. Kf1 Bb6 6. Nf3 Qh5 7. Bxf4 d6 8.
Nc3 Bg4 9. Be2 Ne7 10. Na4 O-O 11. Nxb6 axb6 12. d5 Re8 13. Nd2 Bxe2+ 14. Qxe2
Qxe2+ 15. Kxe2 Ng6 16. Bg3 Na6 17. Rae1 Nb4 18. a3 Nxd5 19. Kd1 Nde7 20. Rhf1
Ne5 21. Nf3 f6 22. Bxe5 dxe5 23. Nd2 b5 24. Nb3 b6 25. c3 c5 26. Nd2 Red8 27.
Kc2 Nc6 28. Nf3 b4 29. axb4 cxb4 30. cxb4 Nxb4+ 31. Kc3 Nc6 32. Rd1 b5 33. b4
Ra3+ 34. Kb2 Rad3 35. Rxd3 Rxd3 36. Rc1 Nd4 37. Rc3 Rxc3 38. Kxc3 Nxf3 39. gxf3
g5 40. Kd3 Kg7 41. Ke3 h5 42. h3 Kg6 43. Kf2 f5 44. exf5+ Kxf5 45. Ke3 h4 0-1

[Event "AUTO-ADV-2982"]
[Site "http://www.queenalice.com/game.php?id=1225874"]
[Date "2013.10.19"]
[Round "1"]
[White "WeffersoN__Suki"]
[Black "ChessColossos"]
[Result "1-0"]
[WhiteElo "1804"]
[BlackElo "1751"]

1. e4 e5 2. Bc4 Bc5 3. Nf3 d6 4. h3 Nf6 5. d3 O-O 6. g4 Bxg4 7. hxg4 Nxg4 8. Rf1
Qf6 9. Nc3 c6 10. Na4 b5 11. Nxc5 dxc5 12. Bb3 Nd7 13. Rg1 Nxf2 14. Kxf2 a5 15.
Bg5 Qd6 16. a3 a4 17. Ba2 h6 18. Be3 Kh7 19. Nh4 Qf6+ 20. Nf3 g5 21. Ke2 Rh8 22.
Rh1 Kg7 23. Qg1 Qe7 24. Nh4 1-0

[Event "Challenge"]
[Site "http://www.queenalice.com/game.php?id=1233290"]
[Date "2013.11.18"]
[Round "-"]
[White "WeffersoN__Suki"]
[Black "GastonLagaffe"]
[Result "1-0"]
[WhiteElo "1835"]
[BlackElo "1630"]

1. e4 g5 2. Bc4 Bg7 3. d4 e6 4. Nc3 c6 5. e5 d5 6. Bb3 b5 7. a4 b4 8. Nce2 f5 9.
Qd2 Qe7 10. Qxg5 a5 11. Qxe7+ Nxe7 12. Nf3 Ba6 13. Nf4 Nd7 14. Nxe6 Kf7 15.
Neg5+ Kg6 16. Nh4+ Kh5 17. g3 Ng6 18. Nxf5 h6 19. Nh3 Kg4 20. Nxg7 Kxh3 21. Be3
Rh7 22. Nf5 h5 23. O-O-O Rf8 24. Nd6 Be2 25. Rde1 Bf3 26. Rhg1 Kxh2 27. c3 c5
28. Bd1 c4 29. Bxf3 Rxf3 30. Rh1+ Kg2 31. Reg1# 1-0

[Event "Challenge"]
[Site "http://www.queenalice.com/game.php?id=1248278"]
[Date "2014.1.15"]
[Round "-"]
[White "Vladimir"]
[Black "WeffersoN__Suki"]
[Result "1-0"]
[WhiteElo "1918"]
[BlackElo "1775"]

1. d4 d5 2. c4 Bf5 3. Nc3 e6 4. c5 Nc6 5. Nf3 Bg4 6. h3 Bxf3 7. exf3 a6 8. g3 h6
9. Bg2 Nf6 10. O-O b6 11. cxb6 cxb6 12. a3 Bd6 13. Re1 O-O 14. f4 b5 15. b4 Qb6
16. Be3 a5 17. Qb3 axb4 18. axb4 Bxb4 19. Rxa8 Rxa8 20. Bf1 Ra3 21. Qb2 Rxc3 22.
Bd2 1-0

[Event "Challenge"]
[Site "http://www.queenalice.com/game.php?id=1256640"]
[Date "2014.2.14"]
[Round "-"]
[White "ggg09"]
[Black "WeffersoN__Suki"]
[Result "1-0"]
[WhiteElo "1763"]
[BlackElo "1873"]

1. e4 e5 2. Nf3 Qf6 3. Bc4 Bc5 4. c3 g5 5. d4 exd4 6. cxd4 Be7 7. O-O h6 8. Nc3
Bb4 9. a3 Bxc3 10. bxc3 d6 11. e5 dxe5 12. Nxe5 Be6 13. Bxe6 fxe6 14. Qb3 1-0

[Event "Challenge"]
[Site "http://www.queenalice.com/game.php?id=1256641"]
[Date "2014.2.14"]
[Round "-"]
[White "WeffersoN__Suki"]
[Black "ggg09"]
[Result "0-1"]
[WhiteElo "1853"]
[BlackElo "1783"]

1. e4 e6 2. Nf3 c5 3. Nc3 Nc6 4. Bb5 Nd4 5. Nxd4 cxd4 6. Ne2 e5 7. Bc4 Nf6 8. d3
a6 9. a3 b5 10. Bb3 b4 11. axb4 Bxb4+ 12. Bd2 Bxd2+ 13. Qxd2 O-O 14. c3 dxc3 0-1

[Event "Challenge"]
[Site "http://www.queenalice.com/game.php?id=1256915"]
[Date "2014.2.15"]
[Round "-"]
[White "odone"]
[Black "WeffersoN__Suki"]
[Result "1-0"]
[WhiteElo "1866"]
[BlackElo "1834"]

1. d4 d5 2. c4 dxc4 3. e4 b5 4. Nf3 Bg4 5. Be2 e6 6. Nc3 Bb4 7. O-O Bxc3 8. bxc3
Nf6 9. Bg5 h6 10. Bxf6 Qxf6 11. e5 Qe7 12. Rb1 a6 13. h3 Bh5 14. d5 1-0